000
00306nam a22001337a 4500
003
SGT
082
_a
370
_b
C14K
100
_a
KUMAR, SANJEEV
245
_a
COMMUNITY PARTICIPATION IN ELEMENTARY EDUCATION
260
_a
NEW DELHI
_b
INDIAN PUB
_c
2014
300
_a
315
650
_a
EDUCATION
942
_2
ddc
_c
BK
999
_c
12054
_d
12054